Capitales mundiales más cercanas a Honolulu - Estadísticas

Estadísticas generales
  • Esta prueba ha sido intentada 31 veces
  • La puntuación promedio es 12 de 20
Estadísticas de respuestas
km capital % Correcto
6096 Ciudad de México
76%
6206 Tokio
76%
4200 Apia
72%
7316 Seúl
72%
7391 Pionyang
68%
6915 Port Moresby
68%
5098 Suva
68%
7118 Ciudad de Guatemala
64%
5744 Honiara
64%
7284 San Salvador
64%
3860 Tarawa Sur
64%
7477 Tegucigalpa
64%
5089 Nukualofa
60%
5702 Port Vila
60%
4161 Funafuti
56%
4537 Yaren
52%
7216 Belmopán
48%
3666 Majuro
48%
7390 Ngerulmud
44%
4991 Palikir
44%
No se encontraron pruebas coincidentes
Distribución de puntuación
Porcentaje de gente con cada puntuación
Porcentaje por número respondido
Historial de tus puntuaciones
No has intentado esta prueba.